000 00571nam a2200205 i 4500
001 81410
003 ES-MaACL
005 20250716062621.0
007 t|
008 041104s1920 fr ||||1| fre d
100 1 _aHugo, Victor,
_d1802-1885
_964627
245 1 0 _aLegende des siecles /
_cVictor Hugo ; publiƩe par Paul Berret.
250 _aNouvelle ed.
260 _aParis :
_b[s.n.,
_c1920] (
_eChartres :
_fDurand)
300 _a1 v. ;
_c23 cm.
500 _aEs el t.2.
700 1 _aBerret, Paul.
_928372
852 _aES-MaACL
_jG-13853
999 _c81410
_d81410